Bratislava v stredoveku /
Salvato in:
| Autore principale: | |
|---|---|
| Altri autori: | |
| Natura: | Libro |
| Lingua: | slovacco |
| Pubblicazione: |
Bratislava :
Perfekt, a. s.,
2018
|
| Edizione: | 2. prepracované vydanie |
| Soggetti: | |
| Tags: |
Nessun Tag, puoi essere il primo ad aggiungerne!!
|
MARC
| LEADER | 00000nam a22000003a 4500 | ||
|---|---|---|---|
| 001 | 0089513 | ||
| 003 | SK-STU | ||
| 005 | 20210715110206.0 | ||
| 007 | ta | ||
| 008 | 210715s ----xo-----e------000-0-----d | ||
| 020 | |a 978-80-8046-395-8 | ||
| 040 | |a STU |b slo | ||
| 041 | 0 | |a slo | |
| 044 | |a xo | ||
| 100 | 1 | |a Špiesz, Anton |4 aut | |
| 245 | 1 | 0 | |a Bratislava v stredoveku / |c aut. Anton Špiesz ; rec. Ján Lukačka |
| 250 | |a 2. prepracované vydanie | ||
| 260 | |a Bratislava : |b Perfekt, a. s., |c 2018 | ||
| 300 | |a 271 s. | ||
| 650 | 0 | 7 | |a Bratislava |
| 650 | 0 | 7 | |a dejiny Bratislavy |
| 650 | 0 | 7 | |a stredovek |
| 650 | 0 | 7 | |a dejiny Slovenska |
| 650 | 0 | 7 | |a Bratislavský hrad |
| 700 | 1 | |a Marsina, Richard |4 lso | |
| 700 | 1 | |a Lukačka, Ján |4 rev | |
| 996 | |b 284AU08844 |c A* 12124/U |l AAKNST |s P |a 0 |w 0089513_0001 | ||
| 996 | |b 284AU08845 |c A* 12125/U |l AAKNAR |s A |a 24 |w 0089513_0002 | ||